| 000 | 00459nam a2200205Ia 4500 | ||
|---|---|---|---|
| 003 | LK-CoDNM | ||
| 008 | 010623t1903 xxu||||| |||| 00| 1 eng d | ||
| 040 |
_aLK-CoDNM _dLK-CoDNM _eLK-CoDNM |
||
| 041 | _aeng | ||
| 080 |
_a50 _bA 35 |
||
| 245 | _aHope | ||
| 260 |
_bClifton press _aColombo _c1903 |
||
| 300 | _b13P., 16 cm | ||
| 650 | _aArmy | ||
| 650 | _aHome | ||
| 650 | _aPrison gate brigade | ||
| 650 | _aRescue | ||
| 650 | _aSalvation | ||
| 942 | _cBK | ||
| 999 |
_c85583 _d85583 |
||